Old English Manuscripts - Statistics

General Stats
  • This quiz has been taken 11 times
  • The average score is 7 of 54
Answer Stats
Manuscript Content % Correct
Beowulf MS Beowulf
100%
Exeter Book The Wanderer
50%
Vercelli Book Dream of the Rood
33%
Exeter Book Riddle 28b/30b
33%
Exeter Book Riddle 58/60
33%
Exeter Book Riddles 1-57/59
33%
Exeter Book Riddles 59-91/61-95
33%
Exeter Book The Ruin
33%
Exeter Book The Seafarer
33%
Exeter Book Widsith
33%
Exeter Book Alms-Giving
17%
Vercelli Book Andreas
17%
Junius MS Christ and Satan
17%
Exeter Book Christ I, II, III
17%
Junius MS Daniel
17%
Exeter Book Deor
17%
Junius MS Exodus
17%
Junius MS Genesis A & B
17%
Beowulf MS Gospel of Nicodemus
17%
Vercelli Book Homiletic Fragment
17%
Exeter Book Homiletic Fragment II
17%
Beowulf MS Judith
17%
Beowulf MS Letter of Alexander to Aristotle
17%
Vercelli Book Soul and Body
17%
Exeter Book Soul and Body II
17%
Exeter Book The Husband's Message
17%
Exeter Book The Rhyming Poem
17%
Exeter Book The Wife's Lament
17%
Exeter Book Wulf and Eadwacer
17%
Beowulf MS Augustine's Soliloquies
0%
Exeter Book Azarias
0%
Vercelli Book Elene
0%
Exeter Book Guthlac A & B
0%
Exeter Book Juliana
0%
Exeter Book Maxims I
0%
Exeter Book Pharoah
0%
Exeter Book Precepts
0%
Exeter Book Resignation
0%
Beowulf MS Saint Christopher
0%
Beowulf MS Saint Quentin
0%
Beowulf MS Solomon and Saturn
0%
Exeter Book The Descent into Hell
0%
Vercelli Book The Fates of the Apostles
0%
Exeter Book The Fortunes of Men
0%
Exeter Book The Gifts of Men
0%
Exeter Book The Judgement Day I
0%
Exeter Book The Lord's Prayer I
0%
Exeter Book The Order of the World
0%
Exeter Book The Panther
0%
Exeter Book The Partridge
0%
Exeter Book The Phoenix
0%
Exeter Book The Whale
0%
Exeter Book Vainglory
0%
Beowulf MS Wonders of the East
0%
No matching quizzes found
Score Distribution
Percent of People with Each Score
Percentile by Number Answered
Your Score History
You have not taken this quiz